1413 1659 1470 1004 1730 1252 1971 1035 1628 1318 1173 1011 1141 1386 1388 1593 1118 1955 1087 1067 1662 1408 1904 1661 1990 1326 1880 1504 1831 1181 1448 1019 1026 1154 1935 1932 1542 1228 1782 1978 1869 1935 1642 1769 1328 1692 1725 1342 1687 1866 1718 1216 1135 1705 1334 1689 1986 1950 1061 1100 1668 1166 1504 1143 1004 1811 1806 1982 1472 1859 1369 1008 1170 1983 1676 1621 1875 1736 1295 1569 1889 1021 1407 1635 1690 1685 1040 1414 1650 1442 1479 1670 1851 1732 1286 1445 1680 1870 1470 BCNSPRNW ULIB Ver.6.0+V

เปลี่ยนเป็นภาษาไทย

Change to English
 แสดงรายละเอียดบรรณานุกรม
  กลับหน้าหลัก

Brief Record : Get Marc (ISO 2709) : E-mail record : QR code < ปิดหน้าต่าง
LEADER : 00000nam 2200000uu 4500
001    13399121284
003     ULIB
008    121114s2555||||th 000 0 tha d
099    วพ.WL355^bน836ผ
100 0  ^aเนาวรัตน์ นวกุลพันธ์
245 10 ^aผลของโปรแกรมการสร้างเสริมสุขภาพต่อพฤติกรรมสุขภาพและการควบคุมโรคหลอดเลือดสมองของประชาชนกลุ่มเสี่ยง =^bEffect of Health Promotion Program on Health Behaviors and Controlling Cerebrovascular Disease Among Risky Group /^cเนาวรัตน์ นวกุลพันธ์
246 31 ^aEffect of Health Promotion Program on Health Behaviors andControlling Cerebrovascular Disease Among Risky Group
260    ^a^c2555
300    ^a166 แผ่น
502    ^aวิทยานิพนธ์ (พย.ม. (การพยาบาลเวชปฏิบัติชุมชน))--มหาวิทยาลัยนเรศวร, 2555
650  4 ^aหลอดเลือดสมอง^xโรค^xการป้องกันและควบคุม
650  4 ^aการดูแลสุขภาพด้วยตนเอง
650  4 ^aพฤติกรรมสุขภาพ
945    ^p0^l0^i033053
995    ^a เกษร
999    ^aใช้งานได้ทุกระบบ
รายการนี้ยังไม่มีแท็ก
คุณยังไม่ได้ล็อกอิน คุณสามารถมีกิจกรรมร่วมกับเว็บไซต์ได้ แต่ต้องล็อกอินก่อน ::
  ล็อกอิน

รายการสื่อสารสนเทศ

ลำดับที่ ประเภท เลขเรียก/บาร์โค้ด สถานที่ สถานะ
1. วิทยานิพนธ์
วิทยานิพนธ์
วพ.WL355 น836ผ  
  Barcode: 033053
ห้องสมุดวิทยาเขตสวรรค์ประชารักษ์
►วิจัย
บนชั้น

รายการใกล้เคียง
    หัวเรื่อง [การดูแลสุขภาพด้วยตนเอง]
    หัวเรื่อง [พฤติกรรมสุขภาพ]

BibComment


ยังไม่เคยถูกคอมเมนท์

คอมเมนท์ทรัพยากรรายการนี้
  คอมเมนท์: ผลของโปรแกรมการส..


 Copyright 2026. Bcnsprnw @Library